Disputed Territories of the World (simple) - Statistics

General Stats
  • This quiz has been taken 57 times
  • The average score is 9 of 12
Answer Stats
Hint Answer % Correct
Israel and Palestine (strip) Gaza
94%
De facto of Somalia Somaliland
94%
Island near China Taiwan
94%
Israel and Palestine (west) West Bank
88%
Between Russia and Ukraine on the Black Sea Crimea
84%
Moroccan territory Western Sahara
84%
India and Pakistan Kashmir
78%
Region of Moldova Transnistria
76%
Sea in Asia South China Sea
70%
Icy land Antarctica
52%
Between Russia and Ukraine Donetsk
46%
Between 2 countries in Asia Korea
14%
No matching quizzes found
Score Distribution
Percent of People with Each Score
Percentile by Number Answered
Your Score History
You have not taken this quiz